Lego Batman Villains - Statistics

General Stats
  • This quiz has been taken 91 times
  • The average score is 13 of 17
Answer Stats
Villain % Correct
Joker
96%
Bane
89%
Penguin
89%
Harley Quinn
88%
Riddler
85%
Catwoman
84%
The Scarecrow
84%
Two-Face
82%
Clayface
81%
Killer Croc
81%
Poison Ivy
81%
Mr. Freeze
74%
Man Bat
72%
Killer Moth
66%
Mad Hatter
61%
Ra's al Ghul
55%
Hush
51%
No matching quizzes found
Score Distribution
Percent of People with Each Score
Percentile by Number Answered
Your Score History
You have not taken this quiz